[Event "DEM U12 2005"]
[Site "Willingen GER"]
[Date "2005.05.17"]
[Round "5"]
[White "Nguyen Minh, Thuy"]
[Black "Hubbuch, Fabian"]
[Result "0-1"]
[Termination "normal"]
[Board "36"]
[WhiteElo "1328"]
[BlackElo "1452"]
[PlyCount "96"]
[WhiteFideId "24672688"]
[EventCountry "GER"]
[EventRounds "11"]
[EventType "swiss"]
[EventDate "2005.05.15"]

1. e4 e5 2. Nf3 Nc6 3. Bc4 Nf6 4. Nc3 Bc5 5. d3 d6 6. Bg5 Bg4 7. h3 Bh5 8. Nd5
Nd4 9. g4 Bg6 10. Nxf6+ gxf6 11. Be3 Ne6 12. Qd2 Bxe3 13. Qxe3 Nf4 14. O-O-O
Qd7 15. Nh4 Ke7 16. Rhg1 h5 17. Nxg6+ fxg6 18. g5 Qxh3 19. gxf6+ Kxf6 20. Rg3
Qd7 21. d4 Qc6 22. dxe5+ dxe5 23. Bb3 Rhd8 24. Rf1 Ke7 25. Rg5 Qb5 26. Re1 Rd6
27. Qxf4 exf4 28. Rxb5 Rh8 29. Rxb7 Rc6 30. Bd5 Rc5 31. Rxa7 g5 32. f3 g4 33.
fxg4 hxg4 34. b4 Rc3 35. Kd2 Rhh3 36. Rf1 g3 37. Rxf4 g2 38. Rg4 Rcg3 39. Rxc7+
Kf6 40. Rcg7 g1=Q 41. Rxg3 Rxg3 42. Rxg3 Qxg3 43. c4 Qa3 44. b5 Qxa2+ 45. Kc1
Qf2 46. Kb1 Ke5 47. Kc1 Kd4 48. b6 Kc3 0-1

[Event "DEM U12 2005"]
[Site "Willingen GER"]
[Date "2005.05.17"]
[Round "5"]
[White "Weißenburg, Isabel"]
[Black "Schiffner, Kevin"]
[Result "0-1"]
[Termination "normal"]
[Board "38"]
[WhiteElo "1146"]
[BlackElo "1429"]
[PlyCount "68"]
[WhiteFideId "4612922"]
[BlackFideId "24674940"]
[EventCountry "GER"]
[EventRounds "11"]
[EventType "swiss"]
[EventDate "2005.05.15"]

1. e4 c5 2. d3 Nc6 3. Nd2 d6 4. Ngf3 e6 5. g3 Nf6 6. Bg2 Be7 7. O-O O-O 8. Re1
Qc7 9. Nf1 Bd7 10. h4 b5 11. c4 a6 12. N1h2 Rab8 13. b3 Rfd8 14. Bg5 h6 15.
Bxf6 Bxf6 16. Rb1 Qa5 17. Qe2 Nb4 18. Qd2 Qxa2 19. Qxa2 Nxa2 20. Ng4 Be7 21. d4
cxd4 22. Nxd4 e5 23. Nc2 Bxg4 24. Ra1 Nc3 25. Re3 Ne2+ 26. Kf1 Nd4 27. Nb4 bxc4
28. Nd5 Rd7 29. Rxa6 cxb3 30. Nxe7+ Rxe7 31. Re1 b2 32. Rb1 Rc7 33. Kg1 Rc1+
34. Rxc1 bxc1=Q+ 0-1

[Event "DEM U12 2005"]
[Site "Willingen GER"]
[Date "2005.05.17"]
[Round "5"]
[White "Zimmerer, Leah"]
[Black "Mirke, Roy"]
[Result "0-1"]
[Termination "normal"]
[Board "39"]
[WhiteElo "1243"]
[BlackElo "1549"]
[PlyCount "58"]
[WhiteFideId "4620240"]
[BlackFideId "24647306"]
[EventCountry "GER"]
[EventRounds "11"]
[EventType "swiss"]
[EventDate "2005.05.15"]

1. d4 d5 2. Bf4 Nf6 3. Nd2 e6 4. e3 Bd6 5. Bg3 b6 6. c3 Bb7 7. Ngf3 Bxg3 8.
hxg3 Nbd7 9. Bd3 Qe7 10. Qc2 h6 11. e4 e5 12. O-O-O O-O-O 13. Rhe1 Rhe8 14. Kb1
Qf8 15. Rc1 g6 16. c4 dxe4 17. Nxe4 Nxe4 18. Bxe4 exd4 19. Nxd4 Nc5 20. Bxb7+
Kxb7 21. Nb3 h5 22. Rxe8 Rxe8 23. Rd1 Nxb3 24. Qxb3 Qc5 25. Rd5 Qxf2 26. Qf3
Re1+ 27. Rd1+ Qxf3 28. gxf3 Rxd1+ 29. Kc2 Rg1 0-1

[Event "DEM U12 2005"]
[Site "Willingen GER"]
[Date "2005.05.17"]
[Round "5"]
[White "Blübaum, Johanna"]
[Black "Garny, Annica"]
[Result "1-0"]
[Termination "normal"]
[Board "40"]
[WhiteElo "1542"]
[BlackElo "1259"]
[PlyCount "79"]
[WhiteFideId "24647373"]
[BlackFideId "24600660"]
[EventCountry "GER"]
[EventRounds "11"]
[EventType "swiss"]
[EventDate "2005.05.15"]

1. d4 Nf6 2. c4 g6 3. Nc3 Bg7 4. e4 d6 5. Be2 O-O 6. Nf3 Nc6 7. d5 Nb4 8. a3
Na6 9. O-O e5 10. Be3 Ne8 11. Nd2 f5 12. f3 f4 13. Bf2 h5 14. b4 h4 15. c5 Qg5
16. Kh1 Kf7 17. cxd6 Nxd6 18. Nb5 Rh8 19. Nxd6+ cxd6 20. Qc2 Qe7 21. Rac1 g5
22. Bxa6 bxa6 23. Qc7 Bd7 24. Nc4 Rh6 25. Na5 h3 26. g4 fxg3 27. Bxg3 Rf6 28.
Qb7 Qe8 29. Rc7 Rb8 30. Rxd7+ Kf8 31. Qxa7 Ra8 32. Qb7 Rb8 33. Qc6 Rc8 34. Rc7
Rxc7 35. Qxc7 g4 36. Nc6 gxf3 37. Qd8 Qxd8 38. Nxd8 Bh6 39. Ne6+ Ke7 40. Bh4
1-0

[Event "DEM U12 2005"]
[Site "Willingen GER"]
[Date "2005.05.17"]
[Round "5"]
[White "Kammrad, Carolin"]
[Black "Mytyukova, Yevgeniya"]
[Result "1-0"]
[Termination "normal"]
[Board "41"]
[WhiteElo "1385"]
[BlackElo "1201"]
[PlyCount "75"]
[EventCountry "GER"]
[EventRounds "11"]
[EventType "swiss"]
[EventDate "2005.05.15"]

1. e4 e5 2. Nf3 Nc6 3. Bc4 Bc5 4. Nc3 h6 5. d3 d6 6. Be3 Bb6 7. Qd2 Nf6 8.
O-O-O Ng4 9. h3 Nxe3 10. fxe3 O-O 11. Rdf1 Ne7 12. Rhg1 Ng6 13. g4 Re8 14. Nd5
Be6 15. a3 Qd7 16. Qe2 Qc6 17. d4 a6 18. h4 Ba7 19. h5 Ne7 20. Nxe7+ Rxe7 21.
d5 Qd7 22. dxe6 Qd8 23. exf7+ Kh7 24. g5 hxg5 25. Nxg5+ Kh8 26. Ne6 Rxe6 27.
f8=Q+ Qxf8 28. Rxf8+ Rxf8 29. Bxe6 Re8 30. Bf5 Kg8 31. h6 g6 32. Rxg6+ Kf7 33.
h7 Rh8 34. Rg8 Rxg8 35. Qh5+ Kf8 36. Qh6+ Kf7 37. Qe6+ Kf8 38. hxg8=Q# 1-0

[Event "DEM U12 2005"]
[Site "Willingen GER"]
[Date "2005.05.17"]
[Round "5"]
[White "Falke, Cynthia"]
[Black "Riabov, Igor"]
[Result "0-1"]
[Termination "normal"]
[Board "42"]
[WhiteElo "1190"]
[BlackElo "1380"]
[PlyCount "82"]
[WhiteFideId "24600644"]
[EventCountry "GER"]
[EventRounds "11"]
[EventType "swiss"]
[EventDate "2005.05.15"]

1. e4 e6 2. d4 d5 3. exd5 exd5 4. Bd3 Bd6 5. Ne2 Ne7 6. Nbc3 c6 7. Be3 Qc7 8.
Qd2 O-O 9. f3 Bf5 10. g4 Bxd3 11. Qxd3 Nd7 12. O-O-O Rfe8 13. h4 Ng6 14. Qd2 b5
15. h5 Ngf8 16. Rdg1 b4 17. Na4 f6 18. Qd3 Re7 19. Bf2 Bf4+ 20. Nxf4 Qxf4+ 21.
Kd1 Nb6 22. b3 Rae8 23. Bg3 Qh6 24. Re1 Nxa4 25. bxa4 Re3 26. Rxe3 Rxe3 27. Qf5
Qg5 28. Qxg5 fxg5 29. Rf1 Ne6 30. Be1 a5 31. Rf2 Nxd4 32. Kd2 Rxf3 33. Rxf3
Nxf3+ 34. Ke2 Nxe1 35. Kxe1 Kf7 36. Kd2 Ke6 37. Kd3 Ke5 38. Ke3 c5 39. Kf3 c4
40. Ke3 c3 41. Kf3 d4 0-1

[Event "DEM U12 2005"]
[Site "Willingen GER"]
[Date "2005.05.17"]
[Round "5"]
[White "Saak, Saskia"]
[Black "Popov, Xenia"]
[Result "1-0"]
[Termination "normal"]
[Board "43"]
[WhiteElo "1167"]
[BlackElo "1306"]
[PlyCount "73"]
[EventCountry "GER"]
[EventRounds "11"]
[EventType "swiss"]
[EventDate "2005.05.15"]

1. e4 e5 2. Nf3 Nc6 3. Bc4 Nf6 4. d3 Bc5 5. Nc3 h6 6. Be3 Bxe3 7. fxe3 d6 8.
Qe2 O-O 9. O-O-O Bd7 10. Rdf1 Qe7 11. h3 Rfb8 12. g4 Nd8 13. g5 hxg5 14. Nxg5
b5 15. Bb3 b4 16. Nd1 a5 17. Bc4 a4 18. d4 Qe8 19. h4 Bb5 20. Bxb5 Qxb5 21. Qg2
b3 22. a3 bxc2 23. Qxc2 c5 24. d5 Qb3 25. Qxb3 Rxb3 26. Kc2 Nb7 27. h5 Na5 28.
h6 Ra7 29. hxg7 Kxg7 30. Rhg1 Ne8 31. Nxf7+ Kh7 32. Rh1+ Kg7 33. Rfg1+ Kf8 34.
Ng5 Ng7 35. Rh8+ Ke7 36. Ne6 Kf6 37. Rh6+ 1-0

[Event "DEM U12 2005"]
[Site "Willingen GER"]
[Date "2005.05.17"]
[Round "5"]
[White "Hohmann, Louisa"]
[Black "Rau, Carla"]
[Result "1-0"]
[Termination "normal"]
[Board "44"]
[WhiteElo "1301"]
[BlackElo "1063"]
[PlyCount "89"]
[EventCountry "GER"]
[EventRounds "11"]
[EventType "swiss"]
[EventDate "2005.05.15"]

1. e4 c5 2. Nf3 Nc6 3. d4 cxd4 4. Nxd4 g6 5. c4 Bg7 6. Nc2 Nf6 7. Nc3 O-O 8.
Be2 d6 9. O-O e6 10. Be3 b6 11. Qd2 Re8 12. Rfd1 Bb7 13. Qxd6 Ne7 14. Qxd8
Raxd8 15. Bf3 Rc8 16. Na3 Rc7 17. Nab5 Rxc4 18. Nd6 Rxc3 19. bxc3 Rb8 20. Nxb7
Rxb7 21. Rd8+ Bf8 22. Bg5 Rd7 23. Rd1 Rxd1+ 24. Rxd1 Kg7 25. Rd8 Nc6 26. Bxf6+
Kxf6 27. Rxf8 Ke7 28. Rh8 h5 29. Rc8 Kd7 30. Ra8 Kd6 31. Kf1 Kc5 32. Ke2 a5 33.
Rf8 Ne5 34. Rc8+ Nc6 35. e5 Kb5 36. Bxc6+ Kc5 37. Bb7+ Kb5 38. Kd3 Ka4 39. Kc2
Ka3 40. Kb1 a4 41. Bc6 b5 42. Bxb5 f6 43. exf6 e5 44. f7 e4 45. f8=Q# 1-0

[Event "DEM U12 2005"]
[Site "Willingen GER"]
[Date "2005.05.17"]
[Round "5"]
[White "Micklich, Rahel"]
[Black "Weber, Max"]
[Result "1-0"]
[Termination "normal"]
[Board "45"]
[WhiteElo "1294"]
[BlackElo "1128"]
[PlyCount "39"]
[WhiteFideId "24639184"]
[BlackFideId "4624831"]
[EventCountry "GER"]
[EventRounds "11"]
[EventType "swiss"]
[EventDate "2005.05.15"]

1. d4 d5 2. c4 dxc4 3. e4 Nc6 4. Nf3 Bg4 5. d5 Ne5 6. Be2 Nxf3+ 7. Bxf3 Bxf3 8.
Qxf3 Qd7 9. Nc3 e6 10. dxe6 Qxe6 11. Nd5 Bd6 12. Bf4 Qd7 13. e5 Bc5 14. e6
Qxe6+ 15. Kf1 Bd6 16. Re1 Qxe1+ 17. Kxe1 O-O-O 18. Bxd6 Rxd6 19. Qxf7 Nh6 20.
Qxc7# 1-0

[Event "DEM U12 2005"]
[Site "Willingen GER"]
[Date "2005.05.17"]
[Round "5"]
[White "Rogasch, Miriam"]
[Black "Stitterich, Nadine"]
[Result "0-1"]
[Termination "normal"]
[Board "46"]
[WhiteElo "774"]
[BlackElo "1301"]
[PlyCount "86"]
[WhiteFideId "4616324"]
[BlackFideId "24676527"]
[EventCountry "GER"]
[EventRounds "11"]
[EventType "swiss"]
[EventDate "2005.05.15"]

1. e4 e5 2. Nf3 Nc6 3. Nc3 Bc5 4. Nxe5 Nxe5 5. d4 Bd6 6. dxe5 Bxe5 7. Bc4 Nf6
8. Bd3 h6 9. Be3 c6 10. Qd2 O-O 11. f4 Bxc3 12. Qxc3 Re8 13. e5 Nd5 14. Qd4 d6
15. c4 Nxe3 16. Qxe3 dxe5 17. fxe5 Qa5+ 18. Kf2 Qxe5 19. Qxe5 Rxe5 20. Rae1
Rxe1 21. Rxe1 Be6 22. a4 Rd8 23. Re3 Kf8 24. b3 Re8 25. h4 Bg4 26. Bc2 Rxe3 27.
Kxe3 Ke7 28. Kf4 Bd7 29. g4 Be6 30. Bd3 Kd6 31. b4 a6 32. Be2 b6 33. c5+ bxc5
34. bxc5+ Kxc5 35. Bxa6 Kb4 36. Bb7 c5 37. Bf3 Kxa4 38. Ke4 c4 39. Ke3 c3 40.
Kd3 Kb3 41. Bd1+ Kb2 42. g5 hxg5 43. hxg5 Bb3 0-1

[Event "DEM U12 2005"]
[Site "Willingen GER"]
[Date "2005.05.17"]
[Round "5"]
[White "von Wardenburg, Jendrik"]
[Black "Dilz, Jasmin"]
[Result "0-1"]
[Termination "normal"]
[Board "47"]
[WhiteElo "965"]
[BlackElo "1138"]
[PlyCount "98"]
[EventCountry "GER"]
[EventRounds "11"]
[EventType "swiss"]
[EventDate "2005.05.15"]

1. e4 d5 2. exd5 Qxd5 3. Nc3 Qa5 4. d4 c6 5. Nf3 Bf5 6. Bd2 Qc7 7. Bc4 e6 8.
O-O Bd6 9. h3 Nf6 10. Bg5 Nbd7 11. Re1 O-O-O 12. Qe2 h6 13. Be3 a6 14. Rad1 g5
15. Ne5 Nxe5 16. dxe5 Bxe5 17. Bb6 Bh2+ 18. Kh1 Qxb6 19. Kxh2 Qc7+ 20. Kg1 h5
21. Rxd8+ Rxd8 22. Rd1 Rxd1+ 23. Nxd1 g4 24. hxg4 hxg4 25. Qe3 Bxc2 26. Qd4 Ne4
27. Ne3 e5 28. Qa7 Nd6 29. Nxc2 Nxc4 30. b3 Nd6 31. Qe3 Qe7 32. Qg3 f5 33. Ne1
Ne4 34. Qe3 Qc5 35. Nd3 Qd4 36. Qxd4 exd4 37. Ne5 Kc7 38. Kf1 Kd6 39. Nd3 b5
40. Ke2 c5 41. Ke1 c4 42. bxc4 bxc4 43. Nb4 c3 44. f3 gxf3 45. gxf3 Nc5 46. Ke2
Ke5 47. Nc2 d3+ 48. Kd1 dxc2+ 49. Kxc2 Na4 0-1

[Event "DEM U12 2005"]
[Site "Willingen GER"]
[Date "2005.05.17"]
[Round "5"]
[White "Thiele, Eileen"]
[Black "Lauer, Florian"]
[Result "0-1"]
[Termination "normal"]
[Board "48"]
[WhiteElo "929"]
[BlackElo "1382"]
[PlyCount "110"]
[BlackFideId "12910074"]
[EventCountry "GER"]
[EventRounds "11"]
[EventType "swiss"]
[EventDate "2005.05.15"]

1. e4 c5 2. Nf3 Nc6 3. Bb5 g6 4. O-O Bg7 5. Bxc6 bxc6 6. Nc3 d5 7. d3 Nf6 8.
Be3 d4 9. Bd2 dxc3 10. Bxc3 O-O 11. h3 Qb6 12. Rb1 Rd8 13. Re1 a5 14. a4 c4 15.
Qe2 cxd3 16. cxd3 Ba6 17. Red1 c5 18. b3 Rd7 19. Rd2 Rad8 20. Ne1 Bh6 21. Rdd1
Bg7 22. Qe3 Ne8 23. Bxg7 Kxg7 24. Qg3 Qd6 25. Qe3 Rb8 26. Rb2 Qd4 27. Qxd4+
cxd4 28. Nf3 f6 29. e5 Rd5 30. exf6+ Nxf6 31. Kf1 Nd7 32. Re1 Nc5 33. Rxe7+ Kf6
34. Rxh7 Nxb3 35. Ke2 Nc1+ 36. Kd1 Rxb2 37. Kxc1 Rxf2 38. Nh4 Rc5+ 39. Kd1 Bxd3
40. Rh8 Rcc2 41. Rf8+ Kg7 42. Rxf2 Rxf2 43. Ke1 Ra2 44. g4 Bc4 45. Nf3 d3 46.
h4 Rxa4 47. Ne5 Ba6 48. h5 Re4+ 49. Kd2 Rxe5 50. hxg6 a4 51. g5 a3 52. Kd1 a2
53. Kc1 a1=Q+ 54. Kd2 Qb2+ 55. Kd1 Qc2# 0-1

[Event "DEM U12 2005"]
[Site "Willingen GER"]
[Date "2005.05.17"]
[Round "5"]
[White "Thewes, Anna Christina"]
[Black "Vyelina, Valeriya"]
[Result "1/2-1/2"]
[Termination "normal"]
[Board "49"]
[WhiteElo "918"]
[BlackElo "885"]
[PlyCount "49"]
[BlackFideId "24677345"]
[EventCountry "GER"]
[EventRounds "11"]
[EventType "swiss"]
[EventDate "2005.05.15"]

1. e4 e5 2. Nf3 Nc6 3. Nc3 Nf6 4. Bc4 Bc5 5. d3 h6 6. O-O O-O 7. Nh4 Bd4 8. Nf5
Bxc3 9. bxc3 d5 10. exd5 Bxf5 11. dxc6 bxc6 12. Qf3 Qd7 13. Qg3 Nh5 14. Qxe5
Rfe8 15. Qd4 Qe7 16. Bb2 Qg5 17. Bc1 Qg6 18. Kh1 Re7 19. Ba3 Rd7 20. Qh4 Be6
21. Bxe6 fxe6 22. h3 Re8 23. Qg4 Qf7 24. Qf3 Qxf3 25. gxf3 1/2-1/2

[Event "DEM U12 2005"]
[Site "Willingen GER"]
[Date "2005.05.18"]
[Round "7"]
[White "Graf, Felix"]
[Black "Kaphle, Stephan"]
[Result "1/2-1/2"]
[Termination "normal"]
[Board "1"]
[WhiteElo "2152"]
[BlackElo "1954"]
[PlyCount "81"]
[WhiteFideId "24608904"]
[BlackFideId "24629103"]
[EventCountry "GER"]
[EventRounds "11"]
[EventType "swiss"]
[EventDate "2005.05.15"]

1. d4 Nf6 2. c4 g6 3. Nc3 Bg7 4. e4 d6 5. f3 O-O 6. Be3 Nc6 7. Qd2 a6 8. Nge2
Rb8 9. Nc1 e5 10. d5 Nd4 11. N1e2 c5 12. dxc6 bxc6 13. Nxd4 exd4 14. Bxd4 d5
15. cxd5 cxd5 16. Be2 dxe4 17. Rd1 exf3 18. Bxf3 Re8+ 19. Ne2 Ne4 20. Bxe4 Qh4+
21. Kf1 Qxe4 22. Bxg7 Kxg7 23. h3 a5 24. Nd4 Ba6+ 25. Kf2 Red8 26. Rhe1 Qxd4+
27. Qxd4+ Rxd4 28. Rxd4 Rxb2+ 29. Kg1 Rxa2 30. Re7 Bc8 31. Rd6 Bf5 32. Rb6 Bd3
33. Re5 a4 34. Ra5 Bc2 35. Rba6 Bb3 36. Ra7 Rd2 37. g4 Rd3 38. Kh2 Rd2+ 39. Kg1
Rd1+ 40. Kh2 Rd2+ 41. Kg1 1/2-1/2

[Event "DEM U12 2005"]
[Site "Willingen GER"]
[Date "2005.05.18"]
[Round "7"]
[White "Zelbel, Patrick"]
[Black "Huhnstock, Rico"]
[Result "1-0"]
[Termination "normal"]
[Board "2"]
[WhiteElo "1927"]
[BlackElo "1424"]
[PlyCount "93"]
[WhiteFideId "24624322"]
[BlackFideId "24642932"]
[EventCountry "GER"]
[EventRounds "11"]
[EventType "swiss"]
[EventDate "2005.05.15"]

1. e4 d5 2. exd5 Qxd5 3. Nc3 Qa5 4. Bc4 Nf6 5. d4 c6 6. Bd2 Bf5 7. Nd5 Qd8 8.
Nxf6+ exf6 9. c3 Nd7 10. Ne2 Nb6 11. Bb3 Bd6 12. O-O O-O 13. Bf4 Qc7 14. Bxd6
Qxd6 15. Ng3 Bg6 16. f4 h6 17. f5 Bh7 18. Qg4 Kh8 19. Rae1 a5 20. a4 Qd7 21.
Ne4 Rae8 22. Nc5 Qc7 23. Re4 Nc8 24. Bc2 b6 25. Rxe8 Rxe8 26. Ne4 Ne7 27. Qg3
Qxg3 28. Nxg3 Nd5 29. Be4 Kg8 30. Bxd5 cxd5 31. Kf2 Kf8 32. Kf3 g6 33. Kf4 Ke7
34. Re1+ Kd7 35. Rxe8 Kxe8 36. Ke3 Ke7 37. Ne2 Kd6 38. g3 gxf5 39. Nf4 Bg6 40.
Kd3 Bh7 41. c4 dxc4+ 42. Kxc4 Kc6 43. d5+ Kd6 44. Kb5 Kc7 45. d6+ Kxd6 46. Kxb6
Kd7 47. Kxa5 1-0

[Event "DEM U12 2005"]
[Site "Willingen GER"]
[Date "2005.05.18"]
[Round "7"]
[White "Specht, Christian"]
[Black "Zimmermann, Gordon"]
[Result "0-1"]
[Termination "normal"]
[Board "3"]
[WhiteElo "1568"]
[BlackElo "1686"]
[PlyCount "48"]
[WhiteFideId "24647985"]
[BlackFideId "24624330"]
[EventCountry "GER"]
[EventRounds "11"]
[EventType "swiss"]
[EventDate "2005.05.15"]

1. e4 e5 2. Nf3 Nc6 3. Bb5 a6 4. Ba4 Nf6 5. O-O Be7 6. Re1 b5 7. Bb3 O-O 8. c3
d6 9. h3 Na5 10. Bc2 c5 11. d4 Qc7 12. Nbd2 cxd4 13. cxd4 Bd7 14. Nf1 Rfc8 15.
Bd3 Be6 16. d5 Bd7 17. Bg5 h6 18. Be3 Nc4 19. Rc1 Qa5 20. Qb3 Nxe3 21. Nxe3 Nh5
22. a4 bxa4 23. Qb7 Nf6 24. Bxa6 Rcb8 0-1

[Event "DEM U12 2005"]
[Site "Willingen GER"]
[Date "2005.05.18"]
[Round "7"]
[White "Grimm, Pascal"]
[Black "Aslan, Benjamin"]
[Result "1/2-1/2"]
[Termination "normal"]
[Board "4"]
[WhiteElo "1838"]
[BlackElo "1507"]
[PlyCount "55"]
[WhiteFideId "24620122"]
[BlackFideId "24640298"]
[EventCountry "GER"]
[EventRounds "11"]
[EventType "swiss"]
[EventDate "2005.05.15"]

1. c4 c5 2. Nc3 Nf6 3. g3 d6 4. Bg2 e6 5. e3 Be7 6. Nge2 O-O 7. O-O Nbd7 8. d4
a6 9. b3 Rb8 10. a4 b6 11. f4 Bb7 12. Qd3 Bxg2 13. Kxg2 d5 14. cxd5 exd5 15.
Qxa6 Re8 16. Qd3 Bf8 17. Ng1 Qc7 18. Nb5 Qb7 19. Nf3 Ne4 20. Rd1 Ndf6 21. Ne5
c4 22. Qc2 Rbc8 23. Kg1 Nd7 24. Ba3 Nxe5 25. fxe5 Bxa3 26. Rxa3 Qe7 27. Raa1
Qg5 28. Qe2 1/2-1/2

[Event "DEM U12 2005"]
[Site "Willingen GER"]
[Date "2005.05.18"]
[Round "7"]
[White "Schmitt, Philipp"]
[Black "Wittke, Rene"]
[Result "0-1"]
[Termination "normal"]
[Board "5"]
[WhiteElo "1705"]
[BlackElo "1612"]
[PlyCount "80"]
[WhiteFideId "24641766"]
[BlackFideId "24640255"]
[EventCountry "GER"]
[EventRounds "11"]
[EventType "swiss"]
[EventDate "2005.05.15"]

1. e4 e5 2. Nf3 Nf6 3. d4 Nxe4 4. Nxe5 d6 5. Nf3 d5 6. Bd3 Nc6 7. Bf4 Be7 8.
O-O O-O 9. Nbd2 Bf5 10. Re1 Nxd2 11. Qxd2 Bg4 12. Ne5 Nxe5 13. Bxe5 f5 14. Qa5
b6 15. Qd2 c5 16. f3 Bh5 17. dxc5 bxc5 18. Bb5 Rc8 19. Ba6 Rc6 20. Bb7 Rg6 21.
Qxd5+ Kh8 22. Kh1 Qb6 23. Qb3 Bh4 24. Red1 Re8 25. Qa4 Rge6 26. Qxh4 Rxe5 27.
b3 Bg6 28. Rd7 Qf6 29. Qf2 Re2 30. Qf1 Qxa1 31. Kg1 Re1 32. Ba6 Rxf1+ 33. Bxf1
h6 34. a4 Re1 35. Rd8+ Kh7 36. Kf2 Rxf1+ 37. Kg3 Qe5+ 38. Kh3 f4 39. g4 fxg3
40. hxg3 Qh5+ 0-1

[Event "DEM U12 2005"]
[Site "Willingen GER"]
[Date "2005.05.18"]
[Round "7"]
[White "Gadschisade, Machmud"]
[Black "Friedrich, Wiede"]
[Result "1/2-1/2"]
[Termination "normal"]
[Board "6"]
[WhiteElo "1676"]
[BlackElo "1739"]
[PlyCount "39"]
[WhiteFideId "4647734"]
[BlackFideId "24629537"]
[EventCountry "GER"]
[EventRounds "11"]
[EventType "swiss"]
[EventDate "2005.05.15"]

1. e4 c5 2. Nc3 Nc6 3. g3 g6 4. Bg2 Bg7 5. d3 d6 6. f4 e6 7. Nf3 Nge7 8. Be3
O-O 9. O-O b6 10. Re1 d5 11. exd5 exd5 12. Bf2 d4 13. Ne4 Nd5 14. Nfd2 f5 15.
Ng5 Rb8 16. Nc4 b5 17. Ne6 Bxe6 18. Rxe6 Rf6 19. Rxf6 Bxf6 20. Nd2 1/2-1/2

[Event "DEM U12 2005"]
[Site "Willingen GER"]
[Date "2005.05.18"]
[Round "7"]
[White "Schäfer, Alexander"]
[Black "Osmanodja, Bilgin"]
[Result "1-0"]
[Termination "normal"]
[Board "7"]
[WhiteElo "2035"]
[BlackElo "1574"]
[PlyCount "87"]
[WhiteFideId "24615196"]
[EventCountry "GER"]
[EventRounds "11"]
[EventType "swiss"]
[EventDate "2005.05.15"]

1. e4 c5 2. Nf3 d6 3. c3 g6 4. d4 cxd4 5. cxd4 Bg7 6. h3 Nf6 7. Nc3 O-O 8. Bd3
e6 9. O-O Nc6 10. Be3 d5 11. e5 Ne8 12. Nh2 f5 13. f4 Nc7 14. Rc1 Bd7 15. a3 a6
16. Nf3 Na5 17. b4 Nc6 18. Nd2 b5 19. Nb3 Rf7 20. Qe1 Bf8 21. Bf2 Be7 22. Kh2
h6 23. Rg1 g5 24. Qe2 Qf8 25. Rcf1 Be8 26. Be1 Kh8 27. Bd2 Qg8 28. Nd1 Qh7 29.
Nf2 Rg7 30. Bb1 h5 31. Rh1 Kg8 32. Nd3 g4 33. hxg4 hxg4+ 34. Kg1 Qg6 35. g3 Rh7
36. Rxh7 Qxh7 37. Rf2 Bg6 38. Rh2 Qg7 39. Be3 Kf7 40. Ndc5 Bxc5 41. Nxc5 Rh8
42. Nb7 Rxh2 43. Qxh2 Qg8 44. Qc2 1-0

[Event "DEM U12 2005"]
[Site "Willingen GER"]
[Date "2005.05.18"]
[Round "7"]
[White "Wang, Zhangxian"]
[Black "Dünzel, Jonas"]
[Result "1/2-1/2"]
[Termination "normal"]
[Board "8"]
[WhiteElo "1734"]
[BlackElo "1516"]
[PlyCount "78"]
[BlackFideId "24631167"]
[EventCountry "GER"]
[EventRounds "11"]
[EventType "swiss"]
[EventDate "2005.05.15"]

1. e4 c5 2. Nf3 Nc6 3. d4 cxd4 4. Nxd4 Nf6 5. Nc3 e5 6. Ndb5 d6 7. Bg5 a6 8.
Na3 b5 9. Bxf6 gxf6 10. Nd5 f5 11. c3 fxe4 12. Bxb5 Bd7 13. Bxa6 Rxa6 14. Nb5
Ra7 15. Nxa7 Nxa7 16. b4 Be7 17. Qe2 Bc6 18. Nxe7 Kxe7 19. Qe3 Nc8 20. a4 Nb6
21. b5 Bd5 22. a5 Nc4 23. Qg5+ f6 24. Qg7+ Ke6 25. O-O Nd2 26. Rfd1 Rg8 27. Qh6
Nf3+ 28. Kh1 Ng5 29. h4 Nf7 30. Qe3 f5 31. g3 f4 32. Qd2 Qa8 33. Kh2 e3 34.
fxe3 Rxg3 35. Qxd5+ Qxd5 36. Rxd5 Kxd5 37. a6 Rg8 38. b6 Kc6 39. Rb1 Nd8
1/2-1/2

[Event "DEM U12 2005"]
[Site "Willingen GER"]
[Date "2005.05.18"]
[Round "7"]
[White "Endress, Anna"]
[Black "Mohr, Fides"]
[Result "1/2-1/2"]
[Termination "normal"]
[Board "9"]
[WhiteElo "1725"]
[BlackElo "1476"]
[PlyCount "73"]
[WhiteFideId "24629472"]
[EventCountry "GER"]
[EventRounds "11"]
[EventType "swiss"]
[EventDate "2005.05.15"]

1. e4 e5 2. Nf3 Nc6 3. Bb5 Nge7 4. Nc3 g6 5. Bc4 Bg7 6. d3 O-O 7. Be3 Na5 8.
Qd2 Nxc4 9. dxc4 Re8 10. Bh6 Bh8 11. Bg5 f6 12. Bh6 d6 13. h4 Be6 14. b3 Qd7
15. O-O-O Qc6 16. Nd5 Rac8 17. Be3 Qa6 18. Kb1 Nc6 19. Qe2 Bxd5 20. exd5 Ne7
21. g4 c6 22. dxc6 Rxc6 23. Qd2 Rb8 24. Qb4 Rbc8 25. Rd2 f5 26. Bg5 fxg4 27.
Bxe7 gxf3 28. Rxd6 Rxd6 29. Qxd6 Qxd6 30. Bxd6 e4 31. Re1 Re8 32. Bf4 Bd4 33.
Be3 Bxe3 34. Rxe3 Kf7 35. Kb2 Kf6 36. Kc3 Ke5 37. Re1 1/2-1/2

[Event "DEM U12 2005"]
[Site "Willingen GER"]
[Date "2005.05.18"]
[Round "7"]
[White "Ma, Beini"]
[Black "Petermann, Michail"]
[Result "1-0"]
[Termination "normal"]
[Board "10"]
[WhiteElo "1630"]
[BlackElo "1551"]
[PlyCount "39"]
[WhiteFideId "24630101"]
[BlackFideId "24643530"]
[EventCountry "GER"]
[EventRounds "11"]
[EventType "swiss"]
[EventDate "2005.05.15"]

1. e4 d6 2. d4 Nf6 3. Nc3 g6 4. f3 Bg7 5. Be3 c6 6. Qd2 Nbd7 7. Bh6 O-O 8.
O-O-O b5 9. h4 Re8 10. Bxg7 Kxg7 11. g4 h5 12. e5 Nh7 13. gxh5 gxh5 14. Nh3 Rg8
15. Rg1+ Kh8 16. Bd3 Rxg1 17. Rxg1 Qf8 18. Ng5 f5 19. Nxh7 Kxh7 20. Qg5 1-0

[Event "DEM U12 2005"]
[Site "Willingen GER"]
[Date "2005.05.18"]
[Round "7"]
[White "Kotainy, Jens"]
[Black "Iwanziw, Niklas"]
[Result "1-0"]
[Termination "normal"]
[Board "11"]
[WhiteElo "1624"]
[BlackElo "1406"]
[PlyCount "97"]
[WhiteFideId "24670499"]
[BlackFideId "24647101"]
[EventCountry "GER"]
[EventRounds "11"]
[EventType "swiss"]
[EventDate "2005.05.15"]

1. d4 d5 2. c4 e6 3. Nc3 Nf6 4. Nf3 Nbd7 5. Bf4 c6 6. e3 Be7 7. Bd3 O-O 8. O-O
b6 9. Rc1 Bb7 10. Qd2 dxc4 11. Bxc4 c5 12. d5 exd5 13. Bxd5 Nxd5 14. Nxd5 Bxd5
15. Qxd5 Nf6 16. Qc4 Qd5 17. Qa4 Qb7 18. Rfd1 Rfd8 19. Ne5 Nd5 20. Bg3 Bf6 21.
Qc6 Qxc6 22. Nxc6 Rdc8 23. Rxd5 Rxc6 24. Rcd1 h6 25. b3 Rcc8 26. Kf1 Kf8 27.
Ke2 Rd8 28. Rxd8+ Rxd8 29. Rxd8+ Bxd8 30. Kd3 Ke7 31. Kc4 a6 32. Kd5 Kd7 33. e4
Be7 34. f4 f6 35. e5 fxe5 36. fxe5 g5 37. e6+ Ke8 38. Bc7 b5 39. Bb6 c4 40.
bxc4 bxc4 41. Kxc4 Bd6 42. h3 Ke7 43. Kd5 h5 44. Bd8+ Kxd8 45. Kxd6 g4 46. hxg4
hxg4 47. g3 a5 48. a4 Ke8 49. e7 1-0